000 00373nam a2200145Ia 4500
008 100122s9999 xx 000 0 und d
082 _b40868
_a928
100 _aगस्ती भीमराव
245 _aबेरड
260 _bपारख प्रकाशन
_c1987
300 _a330
630 _aबेरड
730 _aबेरड
942 _cBOOK
999 _c421668
_d421665